Credit Risk Management Practices of Lending Corporations in the First District of Rizal (Record no. 83778)
[ view plain ]
| 000 -LEADER | |
|---|---|
| fixed length control field | 01230nam a22001697a 4500 |
| 003 - CONTROL NUMBER IDENTIFIER | |
| control field | URS |
| 005 - DATE AND TIME OF LATEST TRANSACTION | |
| control field | 20250728143213.0 |
| 008 - FIXED-LENGTH DATA ELEMENTS--GENERAL INFORMATION | |
| fixed length control field | 250728b |||||||| |||| 00| 0 eng d |
| 100 ## - MAIN ENTRY--PERSONAL NAME | |
| Personal name | Hitosis, Danica T. |
| 245 ## - TITLE STATEMENT | |
| Title | <a href="Credit Risk Management Practices of Lending Corporations in the First District of Rizal">Credit Risk Management Practices of Lending Corporations in the First District of Rizal</a> |
| Remainder of title | Danica T. Hitosis, Darlene T. Hitosis, Mary Jane R. Tolosa |
| 260 ## - PUBLICATION, DISTRIBUTION, ETC. (IMPRINT) | |
| Date of publication, distribution, etc | 2025 |
| 300 ## - PHYSICAL DESCRIPTION | |
| Extent | xv, 115 |
| 502 ## - DISSERTATION NOTE | |
| Dissertation note | Feasibility Study |
| Degree type | Bachelor of Science in Business Administration Major in Marketing Management |
| Name of granting institution | URS Binangonan |
| Year degree granted | 2025 |
| 520 ## - SUMMARY, ETC. | |
| Summary, etc | This study centers on evaluating the credit risk management practices of<br/>lending corporations operating within the First District of Rizal. Rooted in the data presented, the study examined key areas such as credit policies, risk identification practices, and debt collection processes, which were generally<br/>rated positively by respondents, showing strong agreement on their effectiveness.<br/>The respondents involved in this study includes are the managers and owners from lending corporations— that has operated for 6 to 10 years, employed 10 to 15 staff, and maintained present capital of over PHP 1,000,000. |
| 700 ## - ADDED ENTRY--PERSONAL NAME | |
| Personal name | Concepcion C. Ofamen |
| Relator term | Adviser |
| 942 ## - ADDED ENTRY ELEMENTS (KOHA) | |
| Source of classification or shelving scheme | Library of Congress Classification |
| Koha item type | Theses and dissertations |
| Withdrawn status | Source of classification or shelving scheme | Damaged status | Not for loan | Home library | Current library | Date acquired | Total Checkouts | Barcode | Date last seen | Price effective from | Koha item type |
|---|---|---|---|---|---|---|---|---|---|---|---|
| Library of Congress Classification | Binangonan College Library | Binangonan College Library | 07/28/2025 | URSBIN-UGT3275 | 07/28/2025 | 07/28/2025 | Theses and dissertations |